000 00538nam a2200169 a 4500
001 000025225
005 20200930023636.0
008 110211nuuuuuuuucc a r 000 0 spa d
040 _aDO-SdBNP
_bspa
_cBNPHU
082 _axxxxxx
_bW246e
100 1 _aWang, Sheng
_951702
245 1 0 _aEstudio comparativo de los tres principios del pueblo con otras doctrinas /
_cWang Sheng ; traducción Lei Shan.
260 _aTaiwan :
_bLi Ming,
_c[19??].
300 _aiii, 269 p. :
_bil. ;
_c21 cm.
700 1 _aLei, Shan,
_etr.
_951703
049 _aBNGR
999 _c24718
_d24718